1096 1240 1643 1923 1391 1362 1408 1996 1373 1480 1220 1837 1779 1078 1807 1218 1994 1648 1006 1489 1256 1714 1280 1657 1702 1215 1681 1989 1001 1403 1972 1712 1079 1602 1929 1483 1942 1849 1907 1875 1642 1531 1141 1784 1587 1952 1808 1523 1021 1974 1216 1135 1653 1380 1489 1168 1343 1455 1219 1629 1424 1364 1243 1119 1013 1215 1549 1388 1334 1763 1022 1955 1631 1852 1648 1656 1059 1304 1909 1567 1517 1152 1132 1269 1308 1290 1963 1698 1655 1442 1028 1375 1118 1390 1103 1950 1740 1687 1642 BCNSPRNW ULIB Ver.6.0+V

เปลี่ยนเป็นภาษาไทย

Change to English
 แสดงรายละเอียดบรรณานุกรม
  กลับหน้าหลัก

Brief Record : Get Marc (ISO 2709) : E-mail record : QR code < ปิดหน้าต่าง
LEADER : 00000nam 2200000uu 4500
001    13399122641
003     ULIB
008    130820s2012||||th 000 0 eng d
020    ^a9780071749268 (hardback : alk. paper)
020    ^a0071749268 (hardback : alk. paper)
060 04 ^aWP145^bG997
245 00 ^aGynecologic oncology :^bclinical practice & surgical atlas /^c[edited by] Beth Y. Karlan, Robert E. Bristow, Andrew J. Li
260    ^aNew York :^bMcGraw-Hill Medical,^cc2012
300    ^axv, 715 p. :^bill. (some col.) ;^c29 cm.
504    ^aIncludes bibliographical references and index
650  2 ^aGenital Neoplasms, Female^xdiagnosis^vAtlases
650  2 ^aGenital Neoplasms, Female^xtherapy^vAtlases
650  2 ^aGynecologic Surgical Procedures^xmethods^vAtlases
700 1  ^aKarlan, Beth Y.^q(Beth Young),^eed.
700 1  ^aBristow, Robert E.,^eed.
700 1  ^aLi, Andrew J.,^eed.
945    ^p4760^l0^i033826
999    ^aเกษร โพธิ์สุวรรณ
รายการนี้ยังไม่มีแท็ก
คุณยังไม่ได้ล็อกอิน คุณสามารถมีกิจกรรมร่วมกับเว็บไซต์ได้ แต่ต้องล็อกอินก่อน ::
  ล็อกอิน

รายการสื่อสารสนเทศ

ลำดับที่ ประเภท เลขเรียก/บาร์โค้ด สถานที่ สถานะ
1. วิทยาศาสตร์การแพทย์ และสุขภาพ
วิทยาศาสตร์การแพทย์ และสุขภาพ
WP145 G997  
  Barcode: 033826
ห้องสมุดวิทยาเขตสวรรค์ประชารักษ์
►หนังสือทั่วไป
บนชั้น

BibComment


ยังไม่เคยถูกคอมเมนท์

คอมเมนท์ทรัพยากรรายการนี้
  คอมเมนท์: Gynecologic onco..


 Copyright 2026. Bcnsprnw @Library